Séneca: nueva versión directa
Enregistré dans:
| Auteur principal: | |
|---|---|
| Format: | Livre |
| Langue: | espagnol |
| Publié: |
Barcelona
Labor
1947
|
| Collection: | Clásicos Labor, V
|
| Sujets: | |
| Tags: |
Ajouter un tag
Pas de tags, Soyez le premier à ajouter un tag!
|
MARC
| LEADER | 00000nam a2200000 a 4500 | ||
|---|---|---|---|
| 001 | UCH6156 | ||
| 003 | CL-VaPUC | ||
| 008 | 091109e19470000SP |||||||||||||||||spa|d | ||
| 082 | 0 | 4 | |a 874 |b YEL |2 21 |
| 100 | 0 | |a Yela, Juan Francisco |e author |9 542554 | |
| 245 | 1 | 0 | |a Séneca: nueva versión directa |
| 300 | |a 272 p | ||
| 942 | |c BK | ||
| 945 | |d 20091109 00:00:00 |a ccalabra | ||
| 260 | |a Barcelona |b Labor |c 1947 | ||
| 650 | 0 | |a Literatura |9 259151 | |
| 650 | 0 | |a Literatura romana |9 344825 | |
| 650 | 0 | |a Imperio Romano |9 322785 | |
| 650 | 0 | |a Escritores |9 313723 | |
| 650 | 0 | |a Filosofía romana |9 344946 | |
| 651 | 0 | |a Roma |9 255106 | |
| 583 | |a last modification |c 20091109 00:00:00 |k Rodrigo Vera | ||
| 490 | 0 | |a Clásicos Labor, V | |
| 999 | |c 337107 |d 337105 | ||